| 000 | 00386nam a2200169Ia 4500 | ||
|---|---|---|---|
| 005 | 20250423100109.0 | ||
| 008 | 250422s9999 xx 000 0 und d | ||
| 020 | _a0316154024 | ||
| 050 | _aRD 49 .M28/ | ||
| 245 | 0 | _aManual of surgical therapeutics | |
| 250 | _a9th ed. | ||
| 260 | _aBoston : | ||
| 260 | _bLittle, Brown | ||
| 260 | _c1996. | ||
| 300 | _a439 p | ||
| 942 | _cBK | ||
| 999 |
_c32272 _d32272 |
||